Bilecik Bilecik Bilecik Bilecik Bilecik

Kişilik özelliklerinin içsel ve dışsal whistleblowing niyeti üzerindeki etkisinde X ve Y kuşaklarının düzenleyici etkisi/ (Record no. 67456)

MARC details
000 -BAŞLIK
Sabit Uzunluktaki Kontrol Alanı 01587nam a22004337a 4500
001 - KONTROL NUMARASI
Control Dosyası T0000697
003 - KONTROL NUMARASI KİMLİĞİ
Kontrol Alanı KOHA_MİRAKIL
005 - EN SON İŞLEM TARİHİ ve ZAMANI
Kontrol Alanı 20260207004701.0
007 - FİZİKSEL TANIM SABİT ALAN - GENEL BİLGİ
Sabit uzunluklu kontrol alanı ta
008 - SABİT UZUNLUKTAKİ VERİ ÖGELERİ - GENEL BİLGİ
Sabit Alan 220325b2021 tu |||grm|||#0|||0|tur |
020 ## - ISBN - ULUSLARARASI STANDART KİTAP NUMARASI
Isbn
040 ## - KATALOGLAMA KAYNAĞI
Özgün Kataloglama Kurumu TR-BiSEU
Kataloglama Dili tur
Çeviri Kurumu TR-BiSEU
Açıklama Kuralları rda
041 0# - DİL KODU
Metin ya da ses kaydının dil kodu tur
044 ## - YAYINLAYAN/ÜRETEN KURULUŞUN ÜLKE KODU
ISO country code tu
050 00 - SINIFLAMA ve YER NUMARASI
Sınıflama Numarası Tez
Yer Numarası 697
100 1# - KİŞİ ADI
Yazar Adı (Kişi adı) Turan, Bülent.
245 1# - ESER ADI BİLDİRİMİ
Başlık Kişilik özelliklerinin içsel ve dışsal whistleblowing niyeti üzerindeki etkisinde X ve Y kuşaklarının düzenleyici etkisi/
Sorumluluk Bildirimi Bülent Turan ; Bülent Turan; danışman Gürkan Haşit.
264 #1 - ÜRERİM, YAYIN, DAĞITIM ve TELİF BİLDİRİMİ
Yayın yeri Bilecik :
Yayınlayan Bilecik Şeyh Edebali Üniversitesi
Yayın tarihi 2021
300 ## - FİZİKSEL TANIMLAMA
Sayfa, Cilt vb. XII, 173 sayfa: resimli; 30 cm. +
Birlikteki Materyal 1 CD-ROM
336 ## - İÇERİK TÜRÜ
Content type term metin
Content type code txt
Source rdacontent
337 ## - MEDYA TÜRÜ
Media type term aracısız
Media type code n
Source rdamedia
338 ## - TAŞIYICI TÜRÜ
Carrier type term cilt
Carrier type code nc
Source rdacarrier
490 0# - DİZİ BİLDİRİMİ
Dizi Bildirimi Ref.
490 0# - DİZİ BİLDİRİMİ
Dizi Bildirimi no: 10226892
500 ## - GENEL NOT
Genel Not Kaynakça var.
500 ## - GENEL NOT
Genel Not İngilizce eser adı: The moderating effect of generation x and y on the effect of personality traits on internal and external whistleblowing intention.
502 ## - TEZ NOTU
Tez Notu Tez (Doktora) -- Bilecik Şeyh Edebali Üniversitesi Sosyal Bilimler Enstitüsü İşletme Anabilim Dalı, Bilecik, .
650 #0 - KONU BAŞLIĞI EK GİRİŞ - KONU TERİMİ
Konusal terim veya coğrafi ad Kişilik.
9 (RLIN) 8397
650 #0 - KONU BAŞLIĞI EK GİRİŞ - KONU TERİMİ
Konusal terim veya coğrafi ad Kişilik özellikleri.
9 (RLIN) 127085
650 #0 - KONU BAŞLIĞI EK GİRİŞ - KONU TERİMİ
Konusal terim veya coğrafi ad Whistleblowing.
9 (RLIN) 127086
650 #0 - KONU BAŞLIĞI EK GİRİŞ - KONU TERİMİ
Konusal terim veya coğrafi ad Kuşaklar.
9 (RLIN) 100646
650 #0 - KONU BAŞLIĞI EK GİRİŞ - KONU TERİMİ
Konusal terim veya coğrafi ad Personality.
9 (RLIN) 8399
650 #0 - KONU BAŞLIĞI EK GİRİŞ - KONU TERİMİ
Konusal terim veya coğrafi ad Personality traits.
9 (RLIN) 127087
650 #0 - KONU BAŞLIĞI EK GİRİŞ - KONU TERİMİ
Konusal terim veya coğrafi ad Generations.
9 (RLIN) 127088
830 0# - SERİ EK GİRİŞİ - TEKBİÇİM ESER ADI
Tekbiçim Başlık Ref.
9 (RLIN) 123605
830 0# - SERİ EK GİRİŞİ - TEKBİÇİM ESER ADI
Tekbiçim Başlık no: 10226892
9 (RLIN) 127089
856 40 - ELEKTRONİK YER ve ERİŞİM
Kaynak Tanımlayıcı (URL) <a href="https://hdl.handle.net/11552/2123">https://hdl.handle.net/11552/2123</a>
907 ## - LOCAL DATA ELEMENT G, LDG (RLIN)
a Doktora
942 ## - EK GİRİŞ ÖGELERİ (KOHA)
Source of classification or shelving scheme Library of Congress Classification
Koha item type Thesis
Holdings
Materyal Türü Kalıcı Konum Mevcut Konum Raf Yeri Sınıflandırma Kaynağı Edinim Bilgisi Yer Numarası Demirbaş Numarası Fatura Tarihi Geri Çekilme Durumu Kayıp Durumu Hasarlı Durumu Kredi için değil Kayıt Tarih Toplam Ödünçverme Son Görülme Tarihi Son Kontrol Tarihi
Thesis Prof. Dr. Azmi Özcan Kütüphanesi Prof. Dr. Azmi Özcan Kütüphanesi Depo Library of Congress Classification Bağış Tez/697 T0000697 02/02/2026         25/03/2022   05/03/2025 05/03/2025